000 00688nam a2200205 4500
001 121113
003 ES-MaACL
005 20230906191706.0
007 t|
008 070214s1972 sp r ||||1| spa d
245 0 0 _aPresencia de Rousseau /
_cClaude Lévi-Strauss y otros ; selección de José Sazbón.
260 _aBuenos Aires :
_bNueva Visión,
_c1972.
300 _a226 p. ;
_c20 cm.
490 1 _aTeoría e investigación en las ciencias del hombre
700 1 _aLévi-Strauss, Claude.
_971961
700 1 _aSazbón, José.
_9104120
830 0 _aTeoría e investigación en las ciencias del hombre
_9218724
852 _aES-MaACL
_jE-8633
_bR.93008
999 _c121113
_d121113